NBA Top 5 Assists Every Year Since 2000 - Statistics

General Stats
  • This quiz has been taken 48 times
    22 since last reset
  • The average score is 101 of 135
Answer Stats
Year Team Player % Correct
2026: 1 Nuggets Nikola Jokić
100%
2025: 2 Nuggets Nikola Jokić
100%
2024: 3 Nuggets Nikola Jokić
100%
2023: 3 Nuggets Nikola Jokić
100%
2023: 4 Suns Chris Paul
94%
2022: 1 Suns Chris Paul
94%
2021: 3 Suns Chris Paul
94%
2019: 3 Rockets Chris Paul
94%
2017: 4 Clippers Chris Paul
94%
2016: 4 Clippers Chris Paul
94%
2015: 1 Clippers Chris Paul
94%
2014: 1 Clippers Chris Paul
94%
2013: 2 Clippers Chris Paul
94%
2012: 3 Clippers Chris Paul
94%
2011: 4 Hornets Chris Paul
94%
2010: 2 Hornets Chris Paul
94%
2009: 1 Hornets Chris Paul
94%
2008: 1 Hornets Chris Paul
94%
2007: 4 Hornets Chris Paul
94%
2010: 5 Mavericks Jason Kidd
94%
2009: 5 Mavericks Jason Kidd
94%
2008: 4 Nets/Mavericks Jason Kidd
94%
2007: 3 Nets Jason Kidd
94%
2006: 5 Nets Jason Kidd
94%
2005: 3 Nets Jason Kidd
94%
2004: 1 Nets Jason Kidd
94%
2003: 1 Nets Jason Kidd
94%
2002: 2 Nets Jason Kidd
94%
2001: 1 Suns Jason Kidd
94%
2000: 1 Suns Jason Kidd
94%
2012: 2 Suns Steve Nash
94%
2011: 1 Suns Steve Nash
94%
2010: 1 Suns Steve Nash
94%
2009: 3 Suns Steve Nash
94%
2008: 2 Suns Steve Nash
94%
2007: 1 Suns Steve Nash
94%
2006: 1 Suns Steve Nash
94%
2005: 1 Suns Steve Nash
94%
2004: 3 Mavericks Steve Nash
94%
2026: 4 Clippers/Cavaliers James Harden
88%
2025: 5 Clippers James Harden
88%
2024: 4 76ers/Clippers James Harden
88%
2023: 1 76ers James Harden
88%
2022: 2 Nets/76ers James Harden
88%
2018: 3 Rockets James Harden
88%
2017: 1 Rockets James Harden
88%
2023: 5 Grizzlies Ja Morant
88%
2024: 5 Lakers LeBron James
88%
2020: 1 Lakers LeBron James
88%
2018: 2 Cavaliers LeBron James
88%
2026: 3 Lakers Luka Dončić
88%
2024: 2 Mavericks Luka Dončić
88%
2022: 5 Mavericks Luka Dončić
88%
2021: 5 Mavericks Luka Dončić
88%
2020: 3 Mavericks Luka Dončić
88%
2020: 5 Trail Blazers Damian Lillard
81%
2021: 4 Warriors Draymond Green
81%
2026: 5 Hawks Jalen Johnson
81%
2017: 2 Wizards John Wall
81%
2016: 3 Wizards John Wall
81%
2015: 2 Wizards John Wall
81%
2014: 2 Wizards John Wall
81%
2018: 4 Pelicans Rajon Rondo
81%
2016: 1 Kings Rajon Rondo
81%
2015: 5 Celtics/Mavericks Rajon Rondo
81%
2013: 1 Celtics Rajon Rondo
81%
2012: 1 Celtics Rajon Rondo
81%
2011: 2 Celtics Rajon Rondo
81%
2010: 4 Celtics Rajon Rondo
81%
2021: 1 Wizards Russell Westbrook
81%
2019: 1 Thunder Russell Westbrook
81%
2018: 1 Thunder Russell Westbrook
81%
2017: 3 Thunder Russell Westbrook
81%
2016: 2 Thunder Russell Westbrook
81%
2015: 4 Thunder Russell Westbrook
81%
2025: 1 Hawks Trae Young
81%
2023: 2 Hawks Trae Young
81%
2022: 3 Hawks Trae Young
81%
2021: 2 Hawks Trae Young
81%
2020: 2 Hawks Trae Young
81%
2019: 4 Hawks Trae Young
81%
2025: 3 Pacers Tyrese Haliburton
81%
2024: 1 Pacers Tyrese Haliburton
81%
2026: 2 Pistons Cade Cunningham
75%
2025: 4 Pistons Cade Cunningham
75%
2003: 3 SuperSonics/Bucks Gary Payton
75%
2002: 3 SuperSonics Gary Payton
75%
2001: 5 SuperSonics Gary Payton
75%
2000: 4 SuperSonics Gary Payton
75%
2003: 2 Grizzlies Jason Williams
75%
2003: 5 Jazz John Stockton
75%
2002: 5 Jazz John Stockton
75%
2001: 2 Jazz John Stockton
75%
2019: 2 Raptors Kyle Lowry
75%
2005: 5 76ers Allen Iverson
69%
2018: 5 76ers Ben Simmons
69%
2013: 5 Nets Deron Williams
69%
2012: 5 Nets Deron Williams
69%
2011: 3 Jazz/Nets Deron Williams
69%
2010: 3 Jazz Deron Williams
69%
2009: 2 Jazz Deron Williams
69%
2008: 3 Jazz Deron Williams
69%
2007: 2 Jazz Deron Williams
69%
2004: 5 Timberwolves Sam Cassell
63%
2000: 3 Bucks Sam Cassell
63%
2007: 5 Warriors Baron Davis
56%
2006: 2 Warriors Baron Davis
56%
2004: 4 Hornets Baron Davis
56%
2002: 4 Hornets Baron Davis
56%
2022: 4 Spurs Dejounte Murray
56%
2019: 5 Pelicans Jrue Holiday
56%
2013: 4 76ers Jrue Holiday
56%
2020: 4 Suns Ricky Rubio
56%
2017: 5 Timberwolves Ricky Rubio
56%
2016: 5 Timberwolves Ricky Rubio
56%
2014: 4 Timberwolves Ricky Rubio
56%
2005: 4 Knicks Stephon Marbury
56%
2004: 2 Suns/Knicks Stephon Marbury
56%
2003: 4 Suns Stephon Marbury
56%
2006: 4 Pistons Chauncey Billups
50%
2015: 3 Nuggets Ty Lawson
50%
2014: 3 Nuggets Ty Lawson
50%
2002: 1 Cavaliers Andre Miller
38%
2012: 4 Raptors José Calderón
38%
2011: 5 Raptors José Calderón
38%
2009: 4 Raptors José Calderón
38%
2008: 5 Raptors José Calderón
38%
2001: 4 Grizzlies Mike Bibby
31%
2000: 5 Timberwolves Terrell Brandon
13%
2006: 3 Bobcats Brevin Knight
6%
2005: 2 Bobcats Brevin Knight
6%
2013: 3 Hornets Greivis Vásquez
6%
2001: 3 Nuggets Nick Van Exel
6%
2000: 2 Nuggets Nick Van Exel
6%
2014: 5 Warriors Steph Curry
0%
No matching quizzes found
Score Distribution
Percent of People with Each Score
Percentile by Number Answered
Your Score History
You have not taken this quiz since the last reset